| 000 -ლიდერი |
| ფიქსირებული სიგრძის საკონტროლო ველი |
02426nam a22002897a 4500 |
| 003 - საკონტროლო ნომრის იდენტიფიკატორი |
| საკონტროლო ველი |
Ge_BSU |
| 005 - ბოლო ოპერაციის თარიღი და დრო |
| საკონტროლო ველი |
20230525112606.0 |
| 008 - ფიქსირებული სიგრძის მონაცემთა ელემენტები - ზოგადი ინფორმაცია |
| ფიქსირებული სიგრძის საკონტროლო ველი |
230525s2015 ge ||||| |||| 00| 0 geo d |
| 020 ## - წიგნის საერთაშორისო სტანდარტული ნომერი |
| International Standard Book Number |
9789941250415 |
| 041 ## - ენის კოდი |
| Language code of text/sound track or separate title |
geo |
| 080 ## - უნივერსალური ათობითი კლასიფიკაციის ინდექსი |
| Universal Decimal Classification number |
737(479.22)(083.824)+ 336.74(479.22)(083.824) დ-91 |
| 100 ## - მთავარი ჩანაწერი - პიროვნების სახელი |
| Personal name |
დუნდუა, თედო |
| 9 (RLIN) |
3483 |
| 245 ## - ცნობა სათაურის შესახებ |
| Title |
ქართული ნუმიზმატიკის კატალოგი : |
| Remainder of title |
ნაწ. 3, "ოქროს ხანა" და დაქვეითება. სამონეტო საქმე და სამონეტო მიმოქცევა XI-XVI საუკუნეების საქართველოში = "Golden age" and decline. Coin issues and monetary circulation in georgia in the 11th-16th centuries / |
| Statement of responsibility, etc |
ავტ.: თედო დუნდუა, გიორგი დუნდუა ; შემდგ.: ალექსანდრე ბოშიშვილი [და სხვ.]; ივ. ჯავახიშვილის სახ. თსუ, ჰუმანიტ. მეცნ. ფაკ-ტი, საქ. ისტ. ინ-ტი. |
| 264 ## - წარმოების, გამოცემის, დისტრიბუციის და სხვა ცნობები |
| გამოცემის, წარმოების, დისტრიბუციის... ადგილი |
თბილისი : |
| გამოცემის, წარმოების, დისტრიბუციის... სახელწოდება |
მერიდიანი, |
| გამოცემის, წარმოების, დისტრიბუციის... თარიღი |
2015. |
| 300 ## - ფიზიკური აღწერა |
| Extent |
324 გვ. : |
| Other physical details |
ილ. |
| Dimensions |
31 სმ. |
| 500 ## - ზოგადი შენიშვნა |
| General note |
ყდა, თავფურც., ტექსტი ქართ. და ინგლ. |
| 653 ## - INDEX TERM--UNCONTROLLED |
| Uncontrolled term |
საქართველოს ნუმიზმატიკა |
| 653 ## - INDEX TERM--UNCONTROLLED |
| Uncontrolled term |
კატალოგები |
| 700 ## - ADDED ENTRY--PERSONAL NAME |
| Personal name |
დუნდუა, გიორგი |
| Relator term |
ავტორი |
| 9 (RLIN) |
18035 |
| 700 ## - ADDED ENTRY--PERSONAL NAME |
| Personal name |
ბოშიშვილი, ალექსანდრე |
| Relator term |
შემდგენელი |
| 9 (RLIN) |
18207 |
| 700 ## - ADDED ENTRY--PERSONAL NAME |
| Personal name |
თაბუაშვილი, აპოლონ |
| Relator term |
შემდგენელი |
| 9 (RLIN) |
18208 |
| 700 ## - ADDED ENTRY--PERSONAL NAME |
| Personal name |
თავაძე, ლერი |
| Relator term |
შემდგენელი |
| 9 (RLIN) |
18209 |
| 700 ## - ADDED ENTRY--PERSONAL NAME |
| Personal name |
ჩიქობავა, აკაკი |
| Relator term |
შემდგენელი |
| 9 (RLIN) |
17559 |
| 700 ## - ADDED ENTRY--PERSONAL NAME |
| Personal name |
ავდალიანი, ემილ |
| Relator term |
შემდგენელი |
| 9 (RLIN) |
18210 |
| 710 ## - ADDED ENTRY--CORPORATE NAME |
| Corporate name or jurisdiction name as entry element |
თბილისის სახელმწიფო უნივერსიტეტი. |
| Subordinate unit |
ჰუმანიტარულ მეცნიერებათა ფაკულტეტი. საქართველოს ისტორიის ინსტიტუტი |
| 9 (RLIN) |
18206 |
| 942 ## - ADDED ENTRY ELEMENTS (KOHA) |
| Source of classification or shelving scheme |
|
| Koha item type |
წიგნი |